| 000 | 00666nam a2200193Ia 4500 | ||
|---|---|---|---|
| 008 | 140609s9999 xx 000 0 und d | ||
| 020 | _a9781446207666 | ||
| 050 |
_aLC 4717 _b.P539 2012 |
||
| 100 | _aPhillips, Nicky. | ||
| 245 |
_aTeaching play to children with autism : _bpractical interventions using identiplay / _cNicky Phillips, Liz Beavan |
||
| 250 | _a2nd ed. | ||
| 260 |
_aThousand Oaks, CA : _bSage Publications, _cc2012. |
||
| 300 |
_a118 p. : _bill. ; _c25 cm. _e+ 1 CD-ROM (4 3/4 in). |
||
| 500 | _aIncludes bibliographical references. | ||
| 521 | _aSPED | ||
| 650 |
_aAutistic children _xEducation. |
||
| 942 |
_kFOR _cBK |
||
| 999 |
_c117985 _d117985 |
||